000 00733nam a2200229 i 4500
001 bgj
100 1 _aMALKOC, Anna Maria
245 1 0 _aLetter writing in English :
_brationale and models for social and business letters /
_cprepared by Anna Maria Malkoc.
260 _aWashington, D.C. :
_bUnited States Information Agency,
_c1991.
300 _a26 pp ;
_c26 cm.
505 _aIntermediate level.
650 9 _aEnglish language
650 9 _aLetters
_xcomposition and exercises
650 9 _aEnglish language
_xBusiness English
655 _aTextbooks for foreigners
655 _aProblems, exercises, etc.
020 _apbk
040 _cBPK
041 _aeng
942 _cKS
008 s uk f |000 0 eng
999 _c49354
_d49354
856 _uhttp://koha.tu.koszalin.pl/cgi-bin/koha/opac-detail.pl?biblionumber=49354
_yKatalog online BPK